|
|
|
|
| LEADER |
01218nam a2200289 a 4500 |
| 001 |
1122921 |
| 008 |
091219s1994 coua b 000 0 eng d |
| 010 |
|
|
|a 94002255
|
| 020 |
|
|
|a 0813316618 (alk. paper)
|
| 020 |
|
|
|a 0813316626 (pbk. : alk. paper)
|
| 040 |
|
|
|a DLC
|c DLC
|d DLC
|c BD-DhAAL
|
| 082 |
0 |
0 |
|a 305.8/00973
|2 20
|
| 245 |
0 |
0 |
|a Race and ethnic conflict :
|b contending views on prejudice, discrimination, and ethnoviolence /
|c edited by Fred L. Pincus, Howard J. Ehrlich.
|
| 260 |
|
|
|a Boulder :
|b Westview Press,
|c 1994.
|
| 300 |
|
|
|a xv, 408 p. :
|b ill. ;
|c 24 cm.
|
| 504 |
|
|
|a Includes bibliographical references.
|
| 541 |
1 |
|
|e 00009645
|
| 651 |
|
0 |
|a United States
|x Race relations.
|
| 651 |
|
0 |
|a United States
|x Ethnic relations.
|
| 650 |
|
0 |
|a Prejudices
|x United States.
|
| 650 |
|
0 |
|a Discrimination
|z United States.
|
| 650 |
|
0 |
|a Violence
|z United States.
|
| 700 |
1 |
|
|a Pincus, Fred L.
|
| 700 |
1 |
|
|a Ehrlich, Howard J.
|
| 852 |
4 |
|
|a Ayesha Abed Library
|j General Shelf.
|
| 999 |
|
|
|c 6269
|d 6269
|
| 952 |
|
|
|0 0
|1 0
|2 ddc
|4 0
|6 305_800973000000000_RAC_1994
|7 0
|9 6307
|a BRACUL
|b BRACUL
|c GEN
|d 2009-12-21
|g 0.00
|l 4
|m 1
|o 305.800973 RAC
|p 3010009645
|r 2025-05-03
|s 2025-04-24
|t 1
|w 2009-12-21
|y BK
|x No price found in the accession register.
|